000
00319nam a22001457a 4500
008
210223b ||||| |||| 00| 0 eng d
020
_a
1623516037453
041
_a
eng
080
_2
5th
_a
159.9
082
_a
159.9
100
_a
48
101
_a
PSI
245
_a
Abnornal Psychology
_c
Davison,G.C
942
_2
udc
_c
BK
999
_c
55111
_d
55111